[Event "Let's Play Chess!"]
[Site "http://www.queenalice.com/game.php?id=109889"]
[Date "2006.9.26"]
[Round "-"]
[White "Alexandredasilvagomes"]
[Black "vgovidal"]
[Result "0-1"]
[WhiteElo "1443"]
[BlackElo "1943"]

1. e4 c5 2. Nf3 Nc6 3. d4 cxd4 4. Bc4 e6 5. c3 dxc3 6. Nxc3 Bb4 7. O-O Bxc3 8.
bxc3 h6 9. e5 Qc7 10. Bf4 Nge7 11. Bd3 Nd5 12. Qd2 Nce7 13. Bg3 Qxc3 14. Qxc3
Nxc3 15. Rfc1 Ned5 16. Nd4 a6 17. a3 b5 18. Nb3 O-O 19. Nd2 Bb7 20. Nf1 Rac8 21.
Ne3 Rc6 22. Nxd5 Nxd5 23. Rxc6 dxc6 24. f3 Rd8 25. Be4 Nc3 26. Bc2 Rd2 27. Be4
Nxe4 28. fxe4 c5 29. Rc1 c4 30. Be1 Re2 31. Bb4 Bxe4 32. Re1 Rxg2+ 33. Kf1 Bd5
34. Re2 Rg6 35. Kf2 f6 36. exf6 Rxf6+ 37. Kg3 Kh7 0-1

[Event "Let's Play Chess!"]
[Site "http://www.queenalice.com/game.php?id=110467"]
[Date "2006.9.27"]
[Round "-"]
[White "Alexandredasilvagomes"]
[Black "argelo"]
[Result "0-1"]
[WhiteElo "1448"]
[BlackElo "1733"]

1. e4 e5 2. Nf3 Nc6 3. Bc4 Nf6 4. d4 Bd6 5. Bg5 O-O 6. O-O exd4 7. Bd5 Ne5 8.
Nxe5 Bxe5 9. f4 Bd6 10. e5 Be7 11. exf6 Bxf6 12. Bxf6 Qxf6 13. c3 c6 14. Bb3
dxc3 15. Nxc3 d5 0-1

[Event "Let's Play Chess!"]
[Site "http://www.queenalice.com/game.php?id=110469"]
[Date "2006.9.27"]
[Round "-"]
[White "conqueror"]
[Black "Alexandredasilvagomes"]
[Result "1-0"]
[WhiteElo "1730"]
[BlackElo "1441"]

1. d4 Nf6 2. c4 g6 3. Nc3 d5 4. Nf3 Bg7 5. Bf4 dxc4 6. Nb5 Na6 7. Qa4 Bd7 8.
Qxc4 c6 9. Nc3 O-O 10. e4 Be6 11. Qe2 Nh5 12. Bg5 b5 13. a3 Bc4 14. Qe3 Bxf1 15.
Rxf1 Nc7 16. Rd1 Ne6 17. g4 Nf6 18. Bxf6 1-0

[Event "AUTO-INT-188"]
[Site "http://www.queenalice.com/game.php?id=110748"]
[Date "2006.9.28"]
[Round "1"]
[White "Guillaume"]
[Black "Alexandredasilvagomes"]
[Result "1-0"]
[WhiteElo "1455"]
[BlackElo "1580"]

1. e4 e6 2. Nc3 d5 3. d4 Bb4 4. a3 Bxc3+ 5. bxc3 Nf6 6. e5 Nfd7 7. Qg4 O-O 8.
Bh6 g6 9. Bxf8 Qxf8 10. Nf3 c5 11. dxc5 1-0

[Event "AUTO-INT-188"]
[Site "http://www.queenalice.com/game.php?id=110762"]
[Date "2006.9.28"]
[Round "1"]
[White "ryan_07"]
[Black "Alexandredasilvagomes"]
[Result "1-0"]
[WhiteElo "1380"]
[BlackElo "1481"]

1. e4 e6 2. d4 d5 3. e5 c5 4. Nf3 Qb6 5. Nc3 Nc6 6. Bd3 c4 7. Be2 Nge7 8. O-O
Nf5 9. Na4 Qc7 10. Nc5 Bxc5 11. Ng5 Ncxd4 12. Bh5 O-O 13. c3 1-0

[Event "AUTO-INT-188"]
[Site "http://www.queenalice.com/game.php?id=110763"]
[Date "2006.9.28"]
[Round "1"]
[White "Alexandredasilvagomes"]
[Black "ryan_07"]
[Result "0-1"]
[WhiteElo "1503"]
[BlackElo "1358"]

1. e4 d5 2. exd5 Qxd5 3. Nc3 Qe6+ 4. Qe2 Qxe2+ 5. Bxe2 Nc6 6. Nf3 Nf6 7. d4 Bg4
8. O-O e6 9. Bf4 Nb4 10. h3 Bxh3 11. gxh3 Nxc2 12. Rac1 Nb4 13. Bxc7 Ke7 0-1

[Event "pato x alexandre"]
[Site "http://www.queenalice.com/game.php?id=110829"]
[Date "2006.9.28"]
[Round "-"]
[White "Pato"]
[Black "Alexandredasilvagomes"]
[Result "1-0"]
[WhiteElo "2019"]
[BlackElo "1519"]

1. e4 e6 2. Nf3 d5 3. Nc3 c5 4. d4 Qb6 5. Bb5+ Bd7 6. Bxd7+ Nxd7 7. exd5 Ngf6 8.
dxe6 Qxe6+ 9. Be3 Bd6 10. O-O O-O 11. Nb5 Rad8 12. Nxd6 Qxd6 13. dxc5 Qc6 14.
Qd6 Qb5 15. b3 Nb6 16. c4 Qa6 17. Qf4 Nc8 18. a4 Ne7 19. Rfd1 Ng6 20. Qf5 Rfe8
21. Qc2 Ng4 22. Bg5 f6 23. h3 N4e5 24. Nxe5 Nxe5 25. Be3 Qe6 26. Rxd8 Rxd8 27.
Rd1 Rxd1+ 28. Qxd1 Qd7 29. Qd5+ Qxd5 30. cxd5 Kf7 31. f4 Nd7 32. c6 1-0

[Event "alexandre x xmas"]
[Site "http://www.queenalice.com/game.php?id=111159"]
[Date "2006.9.29"]
[Round "-"]
[White "Alexandredasilvagomes"]
[Black "xmas"]
[Result "1-0"]
[WhiteElo "1506"]
[BlackElo "1425"]

1. e4 c5 2. Nf3 d5 3. exd5 Qxd5 4. Nc3 Qd8 5. Bc4 e6 6. O-O g6 7. d4 Nd7 8. Bg5
Qb6 9. dxc5 Qxb2 10. Na4 Qa3 11. Bb3 Bg7 12. Rb1 Ngf6 13. c3 Nxc5 14. Bc1 Nxa4
15. Bxa3 Nxc3 16. Ba4+ Nd7 17. Bxd7+ Bxd7 18. Qd3 a6 19. Rxb7 Nd5 20. Bd6 a5 21.
Rfb1 f5 22. Rb8+ Rxb8 23. Rxb8+ Bc8 24. Rxc8+ Kf7 25. Rxh8 Bxh8 26. Be5 Bxe5 27.
Nxe5+ Kf6 28. Nd7+ Ke7 29. Nb8 Nb4 30. Qd7+ Kf6 31. Qd8+ Ke5 32. Qxa5+ Nd5 33.
a4 Kf6 34. Qd8+ Kg7 35. a5 Nf4 36. Qd4+ e5 37. Qxe5+ Kh6 38. Qxf4+ Kg7 39. a6 g5
40. Qxg5+ Kf7 41. a7 1-0